000 00646nam a22001817a 4500
999 _c190288
_d190288
005 20220721150404.0
010 _aENG-133789
020 _a9788131306017
_c600.00
035 _aEN-117321
037 _bDBAD/PUB
082 _a338.954
100 _aReddy, G. Ramachandhra
245 _aPlain Speaking on Democratic Reforms:
_bPolitics of Social Justice Police Encounters Challenges of Terrorism/
_cParthasarathi Rajagopalachari
260 _aNew Delhi
_bA.P.H. Publishing Corporation
_c2009
270 _a4435-36/7, Ansari Road, Dariyaganj
_bNew Delhi
_e110002
300 _a190p.
_c22cm(hbk)
942 _2ddc
_cEN
_h338.954
_mRED